000 00950am a2200289a 44500
003 AR-BaBNM
005 20251128210225.0
008 219019s1998 #AR|||||||||||000 | esp||
020 _a950-550-250-8
040 _cAR-BaBNM
100 1 _aMoscoloni, Susana María
245 1 0 _aLas ciencias sociales en acción
_bpropuestas didácticas concretas para ser llevadas al aula
260 _aBuenos Aires
_bMagisterio del Río de la Plata
_c1998
300 _a220 p.
_btablas, mapas
490 0 _aRespuestas educativas. Aula EGB. Segundo ciclo
504 _aContiene bibliografía p. 216-220
650 4 _aENSEÑANZA DE LAS CIENCIAS SOCIALES
650 4 _aACTIVIDADES DE APRENDIZAJE
653 _aEDUCACION GENERAL BASICA
653 _aSEGUNDO CICLO DE LA EGB
653 _aPROYECTOS DE AULA
653 _aTEMAS TRANSVERSALES
700 1 _aVecchiola, María Cecilia
700 1 _aLisa, María Graciela
942 _cBK
998 _cRaquel
999 _c14574
_d14574